01315nabaa22002297a 4500999001500000003000400015005001700019008004100036040000700077100003500084245012300119300001500242500003700257505043100294505008900725650003200814650003900846650003200885650002900917773012600946942001301072 c6197d6197OSt20260125195316.0190701b xxu||||| |||| 00| 0 spa d cPJ 95281aSilva Tamayo, Gustavo E.13aLa voluntad como requisito esencial del acto administrativo en la ley ("de Bases") 27.742 /cGustavo E. Silva Tamayo.  ap. 247-258 aCita: TR LALEY AR/DOC/2157/2024  aSumario: I. Introducción.— II. ¿La voluntad orgánica es un fenómeno exclusivamente normativo que prescinde del dato psíquico?— III. ¿Es correcto hablar de "declaración" y de "vicios de la voluntad estatal"?— IV. Los vicios de la voluntad estatal en la actividad predominantemente discrecional.— V. Los vicios en el procedimiento de formación de la voluntad de un órgano colegiado.— VI. Conclusión.  t¿Te interesa el texto completo? Comunicate al correo: koha@justierradelfuego.gov.ar 09211aDERECHO ADMINISTRATIVO 091135aPROCEDIMIENTO ADMINISTRATIVO 096931aAUDIENCIAS PÚBLICAS 0aREFORMA DEL ESTADO931770 0284293251dBuenos Aires : AbeledoPerrot, 2012-oDA121tDerecho administrativo. Nº 155 septiembre/octubre 2024z18510590 2udccANA